Metodología para la puesta en marcha de la evaluación del proceso de extrusión utilizando diagramas de control en el proceso de fabricación de bolsas de polietileno
Salvato in:
| Autore principale: | |
|---|---|
| Natura: | Libro |
| Pubblicazione: |
San José, C.R.
2000
|
| Soggetti: | |
| Tags: |
Aggiungi Tag
Nessun Tag, puoi essere il primo ad aggiungerne!!
|
MARC
| LEADER | 00000nam a2200000Ia 4500 | ||
|---|---|---|---|
| 003 | 010207 | ||
| 005 | 20221231144205.0 | ||
| 008 | 140114s9999 cr a m 000 ||s d | ||
| 040 | |c cru CEDI | ||
| 090 | |a TFG 4228 | ||
| 100 | |a Rodríguez Arias, Mariano |9 7991 | ||
| 245 | |a Metodología para la puesta en marcha de la evaluación del proceso de extrusión utilizando diagramas de control en el proceso de fabricación de bolsas de polietileno | ||
| 260 | |c 2000 |a San José, C.R. | ||
| 300 | |a xiii, 114 hojas : ilustraciones | ||
| 500 | |a Proyecto de graduación (licenciatura en ingeniería química)--Universidad de Costa Rica. Facultad de Ingeniería. Escuela de Ingeniería Química | ||
| 650 | |x POLIMEROS |x POLIMEROS VINILICOS |9 7992 | ||
| 942 | |c TFG | ||
| 999 | |c 18211 |d 18211 | ||
